|
|
|
|
| LEADER |
02780nam a2200721 i 4500 |
| 001 |
nkc20203217173 |
| 003 |
CZ PrNK |
| 005 |
20210817111312.0 |
| 007 |
ta |
| 008 |
201118s2021 xr f 001 0 cze |
| 015 |
|
|
|a cnb003217173
|
| 020 |
|
|
|a 978-80-200-3170-9
|q (brožováno)
|
| 035 |
|
|
|a (OCoLC)1250249251
|
| 040 |
|
|
|a ABA001
|b cze
|d OLA001
|e rda
|
| 043 |
|
|
|a e-xr---
|b e-xr-pg
|2 czenas
|
| 045 |
|
|
|a w-w-
|
| 072 |
|
7 |
|a 792
|x Divadlo. Divadelní představení
|2 Konspekt
|9 3
|
| 080 |
|
|
|a 792.05-027.542
|2 MRF
|
| 080 |
|
|
|a 792:316.72/.75
|2 MRF
|
| 080 |
|
|
|a 930.85
|2 MRF
|
| 080 |
|
|
|a 782
|2 MRF
|
| 080 |
|
|
|a 796.034.2
|2 MRF
|
| 080 |
|
|
|a (437.3)
|2 MRF
|
| 080 |
|
|
|a (437.311)
|2 MRF
|
| 080 |
|
|
|a (048.8)
|2 MRF
|
| 080 |
|
|
|a (082.2)
|2 MRF
|
| 100 |
1 |
|
|a Bojda, Martin,
|d 1991-
|7 hka2016915459
|4 aut
|
| 245 |
1 |
0 |
|a Filosofie Národního divadla a Miroslav Tyrš :
|b příspěvek k dějinám českého myšlení 19. století /
|c Martin Bojda
|
| 250 |
|
|
|a Vydání první
|
| 264 |
|
1 |
|a Praha :
|b Academia,
|c 2021
|
| 300 |
|
|
|a 445 stran ;
|c 20 cm
|
| 336 |
|
|
|a text
|b txt
|2 rdacontent
|
| 337 |
|
|
|a bez média
|b n
|2 rdamedia
|
| 338 |
|
|
|a svazek
|b nc
|2 rdacarrier
|
| 490 |
1 |
|
|a Historie
|
| 504 |
|
|
|a Obsahuje bibliografii, bibliografické odkazy a rejstřík
|
| 600 |
1 |
7 |
|a Smetana, Bedřich,
|d 1824-1884
|7 jk01120043
|2 czenas
|
| 600 |
1 |
7 |
|a Tyrš, Miroslav,
|d 1832-1884
|7 jk01140585
|2 czenas
|
| 610 |
2 |
7 |
|a Národní divadlo v Praze
|7 kn20010709463
|2 czenas
|
| 648 |
|
7 |
|a 19. století
|7 ch460557
|2 czenas
|
| 650 |
0 |
7 |
|a národní divadla
|7 ph231088
|z Česko
|y 19. století
|2 czenas
|
| 650 |
0 |
7 |
|a divadlo a společnost
|7 ph206858
|z Česko
|y 19. století
|2 czenas
|
| 650 |
0 |
7 |
|a národní obrození
|7 ph123437
|z Česko
|2 czenas
|
| 650 |
0 |
7 |
|a opery
|7 ph123760
|z Česko
|y 19. století
|2 czenas
|
| 650 |
0 |
7 |
|a sokolské hnutí
|7 ph125828
|z Česko
|y 19. století
|2 czenas
|
| 650 |
0 |
9 |
|a national theaters
|z Czechia
|y 19th century
|2 eczenas
|
| 650 |
0 |
9 |
|a theater and society
|z Czechia
|y 19th century
|2 eczenas
|
| 650 |
0 |
9 |
|a national renascence
|z Czechia
|2 eczenas
|
| 650 |
0 |
9 |
|a operas
|z Czechia
|y 19th century
|2 eczenas
|
| 650 |
0 |
9 |
|a Sokol movement
|z Czechia
|y 19th century
|2 eczenas
|
| 651 |
|
7 |
|a Praha (Česko)
|7 ge118011
|2 czenas
|
| 651 |
|
9 |
|a Prague (Czechia)
|2 eczenas
|
| 655 |
|
7 |
|a monografie
|7 fd132842
|2 czenas
|
| 655 |
|
7 |
|a jubilejní publikace
|7 fd131839
|2 czenas
|
| 655 |
|
9 |
|a monographs
|2 eczenas
|
| 655 |
|
9 |
|a jubilee books
|2 eczenas
|
| 830 |
|
0 |
|a Historie (Academia)
|0 s
|
| 910 |
2 |
|
|a BOA001
|b 1-1462.323
|
| 990 |
|
|
|a BK
|
| 995 |
|
|
|a 01
|
| 991 |
|
|
|b 202105
|c NOV
|
| 996 |
6 |
|
|b 2610859429
|c 1-1462.323
|l MZK
|r Sklad / do 1 hodiny
|n 0
|p p.v.
|w 001846219
|u 000010
|a 1
|e BOA001
|j MZK50
|s P
|
| 996 |
7 |
|
|b 2610866376
|c 1-1462.323
|l MZK
|r Sklad / do 1 hodiny
|n 1
|p kup
|w 001846219
|u 000020
|a 1
|e BOA001
|j MZK50
|s A
|